Most expensive football transfers - Right-Backs - 2023-2024 Season - Statistics

General Stats
  • This quiz has been taken 25 times
  • The average score is 6 of 10
Answer Stats
Fee (M €) Nationality Left Joined Player % Correct
40,00 Spain Sporting CP Tottenham Pedro Porro
96%
37,20 England Southampton Newcastle Tino Livramento
88%
13,00 Belgium Leicester Fulham Timothy Castagne
76%
30,00 France Galatasaray Bayern Munich Sacha Boey
72%
12,20 Denmark Atalanta BC VfL Wolfsburg Joakim Maehle
60%
8,00 Colombia KRC Genk Crystal Palace Daniel Muñoz
52%
8,10 England Norwich Bournemouth Max Aarons
52%
9,10 Ivory Coast Torino Monaco Wilfried Singo
48%
9,00 Spain Real Valladolid Sporting CP Iván Fresneda
32%
10,25 Mexico Pachuca América Kevin Álvarez
8%
No matching quizzes found
Score Distribution
Percent of People with Each Score
Percentile by Number Answered
Your Score History
You have not taken this quiz